| 000 | 00658nam a2200181Ia 4500 | ||
|---|---|---|---|
| 003 | GCL | ||
| 008 | 140319s9999 xx 000 0 ara d | ||
| 040 |
_aGCL / _cGCL |
||
| 082 | 0 | 4 |
_a418 _bع ت |
| 100 | 1 | _aعمر صابر عبدالجليل | |
| 245 | 1 | 0 |
_aالتصغير فى اسماء الاعلام العربية دراسة تاصلية فى ضؤ علم اللغات السامية المقارنة / _cعمر صابر عبدالجليل |
| 300 | _a119 ص | ||
| 490 |
_aالدراسات اللغوية المحكمة _v0 |
||
| 650 | 0 | 4 | _aاللغة العربية |
| 650 | 0 | 4 | _aالنحو العربى |
| 650 | 0 | 4 | _aالتصغير |
| 942 |
_2ddc _cBK |
||
| 999 |
_c44357 _d44357 |
||